Kreatívne m(i)esto
Kreativita vyjadrená v rôznych formách a prejavoch vytvárala lokalizačné „gravitačné“ sily, ktoré priťahovali ďalších jedincov s vysokou senzibilitou na prvky kreativity. Vznik kreatívneho m(i)esta môže byť človekom vyvolaný a podporovaný, avšak vznik kvality zvanej kreativita v konkrétnom priestore...
Gespeichert in:
| 1. Verfasser: | |
|---|---|
| Weitere Verfasser: | |
| Format: | Buchkapitel |
| Sprache: | Slowakisch |
| Schlagworte: | |
| Tags: |
Keine Tags, Fügen Sie das erste Tag hinzu!
|
MARC
| LEADER | 00000naa a2200000 4500 | ||
|---|---|---|---|
| 001 | 0161656 | ||
| 005 | 20220316113822.1 | ||
| 041 | 0 | |a slo | |
| 044 | |a SK | ||
| 245 | 1 | 0 | |a Kreatívne m(i)esto |c Vladimír Ondrejička, Janka Betáková |
| 520 | |a Kreativita vyjadrená v rôznych formách a prejavoch vytvárala lokalizačné „gravitačné“ sily, ktoré priťahovali ďalších jedincov s vysokou senzibilitou na prvky kreativity. Vznik kreatívneho m(i)esta môže byť človekom vyvolaný a podporovaný, avšak vznik kvality zvanej kreativita v konkrétnom priestore je skôr záležitosťou „evolúcie“ tohto priestoru. Kreatívna trieda je socio-ekonomická trieda skladajúca sa z jedincov, ktorí tvoria základnú hnaciu silu hospodárskeho rozvoja post-industriálnych miest. | ||
| 610 | 2 | 0 | |a ekonomika kreatívna |
| 610 | 2 | 0 | |a kreativita |
| 610 | 2 | 0 | |a politika regionálna |
| 610 | 2 | 0 | |a urbanizácia |
| 610 | 2 | 0 | |a sily pracovné |
| 100 | 1 | |a Ondrejička, Vladimír | |
| 700 | 1 | |a Betáková, Janka | |